- Díaz-Guerrero, Rogelio,
Entry Nombre Personal
001 - NUMERO DE CONTROL
- campo de control: 35237
003 - IDENTIFICADOR DE NUMERO DE CONTROL
- campo de control: DLC
005 - FECHA Y HORA DE LA ÜLTIMA TRANSACCIÓN
- campo de control: 20220427100357.0
008 - DATOS DE LONGITUD FIJA
- campo de control de longitud fija: 220427|||azannaaan a aaa d
010 ## - NÚMERO DE CONTROL DE LA BIBLIOTECA DEL CONGRESO
- Número de control LC: n 50002087
035 ## - NUMERO DE CONTROL
- Número de control: (OCoLC)oca00037747
040 ## - FUENTE DE CATALOGACIÓN
- Agencia original de catalogación: DLC
- Lenguaje de catalogación: spa
- Description conventions: rda
- Agencia de transcripción: DLC
- Agencia que lo modifica: DLC
- Agencia que lo modifica: OCoLC
- Agencia que lo modifica: IEN
- Agencia que lo modifica: CU-S
- Agencia que lo modifica: MX-MxUPN
046 ## - FECHAS CON CODIFICACIÓN ESPECIAL
- Fecha de nacimiento: 1918-08-03
- Fecha de muerte: 2004-12-08
- Fuente del formato de fecha: edtf
100 1# - ENCABEZAMIENTO - NOMBRE PERSONAL
- Nombre personal: Díaz-Guerrero, Rogelio,
- Fechas asociadas con el nombre: 1918-2004
370 ## - LUGAR ASOCIADO
- Place of birth: Guadalajara (México)
- Place of death: Cuernavaca (México)
- Associated country: México
- Fuente del término: naf
372 ## - CAMPO DE ACTIVIDAD
- Field of activity: Psicología social--México
- Fuente del término: lcsh
373 ## - GRUPO ASOCIADO
- Associated group: Universidad Nacional Autónoma de México
- Fuente del término: naf
373 ## - GRUPO ASOCIADO
- Associated group: Sistema Nacional de Investigadores (México)
374 ## - OCUPACIÓN
- Occupation: Profesor universitario
- Fuente del término: lcsh
374 ## - OCUPACIÓN
- Occupation: Investigador
400 1# - VEÁSE - NOMBRE DE PERSONA
- Personal name: Guerrero, Rogelio Díaz-
670 ## - FUENTE EN LA QUE SE LOCALIZARON DATOS
- Cita de la fuente: En su obra: Estudios de psicología del mexicano, 1961.
670 ## - FUENTE EN LA QUE SE LOCALIZARON DATOS
- Cita de la fuente: International Congress of Psychology (23rd : 1984 : Acapulco, Mexico). Cross-cultural and national studies in social psychology, 1985:
- Información localizada: CIP portada (Rogelio Diaz-Guerrero, research prof., Facultad de Psicología, Universidad Nacional Autonoma de México)
670 ## - FUENTE EN LA QUE SE LOCALIZARON DATOS
- Cita de la fuente: NLM files 5/17/85
- Información localizada: (hdg.: Díaz-Guerrero, Rogelio; usage: Rogelio Díaz-Guerrero)
670 ## - FUENTE EN LA QUE SE LOCALIZARON DATOS
- Cita de la fuente: Info. converted from 678, 2012-10-02
- Información localizada: (b. 1918)
670 ## - FUENTE EN LA QUE SE LOCALIZARON DATOS
- Cita de la fuente: ResearchGate, July 30, 2019:
- Información localizada: Díaz-Guerrero, Rogelio (Rogelio Diaz-Guerrero was born on August 3, 1918 in Guadalajara, Mexico. He died on December 8, 2004 in Cuernavaca, Mexico.)
- Uniform Resource Identifier: https://www.researchgate.net/publication/315712453_Diaz-Guerrero_Rogelio
670 ## - FUENTE EN LA QUE SE LOCALIZARON DATOS
- Cita de la fuente: En el sitio web Scielo, consultado Abril 27, 2022:
- Información localizada: (ROGELIO DÍAZ-GUERRERO (1918-2004); Rogelio Díaz Guerrero nació en Guadalajara, Jalisco el 3 de agosto de 1918. [...] Sus logros han sido reconocidos en diferentes ámbitos, por ejemplo, recibió el Primer Premio Interamericano de Psicología (1975), el Premio Universidad Nacional Autónoma de México por investigación en el área de las Ciencias Sociales (1987) e Investigador Emérito de la misma Universidad, primer Psicólogo Investigador Emérito en el Sistema Nacional de Investigadores y Doctorado Honoris Causa por la Universidad Mayor de San Marcos, Perú, entre muchos otros)
- Uniform Resource Identifier: http://www.scielo.org.co/pdf/rlps/v38n1/v38n1a12.pdf
902 ## - CATALOGADOR
- Catalogador: NDAF/220427
